The sportplane builder: aircraft construction methods

Guardat en:
Dades bibliogràfiques
Autor principal: Bingelis, Tony (Autor)
Format: Llibre
Idioma:anglès
Publicat: Austin David A. Rivers 1979
Matèries:
Etiquetes: Afegir etiqueta
Sense etiquetes, Sigues el primer a etiquetar aquest registre!

MARC

LEADER 00000nam a2200000 a 4500
001 UCV9018
003 CL-VaPUC
008 920416e19790000US |||||||||||||||||eng|d
082 0 4 |a 629.133  |b BIN  |2 21 
100 0 |a Bingelis, Tony  |e author  |9 302999 
245 1 4 |a The sportplane builder: aircraft construction methods 
300 |a 319 p 
942 |c BK 
945 |d 19920416 00:00:00 
260 |a Austin  |b David A. Rivers  |c 1979 
650 7 |a AVIONES DISEÑO Y CONSTRUCCION  |2 CL-VaPUC  |9 303000 
650 7 |a PLANEADORES AERONAUTICA  |2 CL-VaPUC  |9 303001 
583 |a last modification  |c 19920416 00:00:00  |k Rodrigo Vera 
999 |c 214418  |d 214416 
952 |0 0  |1 0  |4 0  |6 629_133000000000000_BIN_1979  |7 0  |8 P  |9 197741  |a BIBARQ  |b BIBARQ  |d 2019-11-14  |i 2654075  |o 629.133 BIN 1979  |p 2654075  |r 2025-01-20  |w 2019-11-14  |y BK  |k ARQ